Loading...
| Mythology | 0 | 6 | 0 | 1 | 60 | 77 | 98.83 | 0 | 0 | 0.00 | 0.00 |
| Literature - World | 0 | 6 | 1 | 0 | 55 | 82 | 104.17 | 0 | 1 | 0.00 | 0.00 |
| Literature - European | 0 | 6 | 1 | 1 | 55 | 97 | 114.00 | 0 | 0 | 0.00 | 0.00 |
| Literature - American | 0 | 4 | 0 | 0 | 40 | 86 | 105.50 | 0 | 0 | 0.00 | 0.00 |
| History - American | 0 | 4 | 0 | 1 | 40 | 78 | 106.25 | 0 | 0 | 0.00 | 0.00 |
| Literature - British | 0 | 4 | 0 | 0 | 40 | 70 | 106.25 | 0 | 0 | 0.00 | 0.00 |
| Fine Arts - Other | 0 | 4 | 1 | 1 | 35 | 116 | 129.25 | 0 | 0 | 0.00 | 0.00 |
| Science - Physics | 0 | 3 | 0 | 0 | 30 | 110 | 118.33 | 0 | 0 | 0.00 | 0.00 |
| Fine Arts - Painting and Sculpture | 0 | 3 | 1 | 0 | 25 | 89 | 104.67 | 0 | 0 | 0.00 | 0.00 |
| Philosophy | 0 | 3 | 1 | 1 | 25 | 100 | 120.00 | 0 | 0 | 0.00 | 0.00 |
| Religion | 0 | 3 | 1 | 1 | 25 | 95 | 109.33 | 0 | 1 | 0.00 | 0.00 |
| Social Science | 0 | 2 | 0 | 1 | 20 | 110 | 111.50 | 0 | 0 | 0.00 | 0.00 |
| Other Academic | 0 | 2 | 0 | 1 | 20 | 89 | 103.00 | 0 | 1 | 0.00 | 0.00 |
| History - Other | 0 | 3 | 3 | 1 | 15 | 81 | 95.00 | 0 | 0 | 0.00 | 0.00 |
| History - World | 0 | 2 | 1 | 0 | 15 | 83 | 97.50 | 0 | 0 | 0.00 | 0.00 |
| Current Events | 0 | 1 | 0 | 1 | 10 | 128 | 128.00 | 0 | 0 | 0.00 | 0.00 |
| Science - Chemistry | 0 | 1 | 0 | 1 | 10 | 118 | 118.00 | 0 | 0 | 0.00 | 0.00 |
| Science - Biology | 0 | 1 | 0 | 1 | 10 | 115 | 115.00 | 0 | 0 | 0.00 | 0.00 |
| Popular Culture | 0 | 1 | 0 | 0 | 10 | 94 | 94.00 | 0 | 0 | 0.00 | 0.00 |
| Fine Arts - Classical Music | 0 | 1 | 0 | 1 | 10 | 127 | 127.00 | 0 | 0 | 0.00 | 0.00 |
| History - European | 0 | 1 | 1 | 0 | 5 | 49 | 49.00 | 0 | 1 | 0.00 | 0.00 |
| Science - Other | 0 | 0 | 0 | 0 | 0 | 0.00 | 0 | 0 | 0.00 | 0.00 |